000 00536nam a2200157 a 4500
001 000044357
005 20201002045321.0
008 140624s2010 dr d 000 0 spa d
020 _a9789945875423
040 _aDO-SdBNP
_bspa
_cBNPHU
082 _axxxxxx
_bxxxxxx
245 0 0 _aPerfil socio-laboral y necesidades de capacitación de jóvenes en situación de vulnerabilidad del municipio de Azua.
260 _aSanto Domingo :
_bMinisterio de trabajo,
_c2010.
300 _a49 p. :
_bdiagr. ;
_c28 cm.
504 _aBibliografías : p. 49
999 _c43846
_d43846